ناچیز / (Record no. 196564)

MARC details
000 -LEADER
fixed length control field 00558nam a22001937a 4500
005 - DATE AND TIME OF LATEST TRANSACTION
control field 20230717114519.0
010 ## - LCCN (DPL NO)
LC control number UR-12069
020 ## - INTERNATIONAL STANDARD BOOK NUMBER
International Standard Book Number 9789383239405
Terms of availability 300.00
035 ## - SYSTEM CONTROL NUMBER
System control number U-10624
037 ## - SOURCE OF ACQUISITION
Source of stock number/acquisition DBAD/PUB
082 ## - DEWEY DECIMAL CLASSIFICATION NUMBER
Classification number ک
100 ## - MAIN ENTRY--PERSONAL NAME
Personal name نکہت افلا ک
245 ## - TITLE STATEMENT
Title ناچیز /
Statement of responsibility, etc نکہت افلا ک
246 ## - VARYING FORM OF TITLE
Title proper/short title Nacheez /
Remainder of title by Nikhat Aflak
260 ## - PUBLICATION, DISTRIBUTION, ETC. (IMPRINT)
Place of publication, distribution, etc New Delhi
Name of publisher, distributor, etc Applied Books
Date of publication, distribution, etc 2016 ء
270 ## - ADDRESS
Address 1739/10, New Kohinoor Hotel, Pataudi House, Darya Ganj
City New Delhi
Postal code 2
300 ## - PHYSICAL DESCRIPTION
Extent 192 ص
Dimensions 22cm(Hb)
942 ## - ADDED ENTRY ELEMENTS (KOHA)
Source of classification or shelving scheme Dewey Decimal Classification
Item type Urdu Bks
Classification part ک
Call number suffix ن ک ت
Holdings
Withdrawn status Lost status Not for loan Collection code Home library Current library Date acquired Source of acquisition Cost, normal purchase price Full call number Barcode Copy number Cost, replacement price Koha item type
      Fiction Ashok Vihar Ashok Vihar 17/07/2023 DBAD/PUB 300.00 ک ن ک ت U-10624 1 300.00 Urdu Bks

© Delhi Public Library
Hit Counter
free hit counter